00618nam a2200193 i 450000100060000000300090000600500170001500700030003200800410003502000170007608000110009324501310010426000500023530000380028565000090032370000270033271000320035985200330039166874ES-MaACL20230906165854.0t|040416s2000 no ||||1| eng d a92-9006-01-1 a355.1900aPeace is possible b: choosing our common future : human security or military destruction? / cFredrik S. Heffermehl (editor). aOslo : bInternational Peace Bureau, c[2000] a146 p. : bfot., retr. ; c21 cm.14aPaz.1 aHeffermehl, Fredrik S.2 aInternational Peace Bureau. aES-MaACLjL-27346 bR.132940